Parenting

Bibliographic Details
New Title:Parenting. Early years
Parenting. School years
Format: Electronic Journal
Language:English
Published: [San Francisco, CA] : [Parenting Magazine Partners], [©1987]-
Subjects:
Online Access:Full text available from Research Library: 10/01/1997 to 12/31/2008

MARC

LEADER 00000nas a22000007a 4500
001 ssj0003875
003 WaSeSS
005 20200512172242.0
006 m d
007 cr n
008 860904d19872008caumn p s 0 a0eng c
010 |a sf 93091156   |z sn 86012101  
016 7 |a 9886099  |2 DNLM 
016 7 |a SR0073488  |2 DNLM 
022 |l 0890-247X  |y 0890-247X 
032 |a 001036  |b USPS 
035 |a (WaSeSS)ssj0003875 
037 |b Parenting Magazine, Subscription Dept., P.O. Box 52424, Boulder, CO 80321-2424 
040 |a NSD  |b eng  |c NSD  |d DLC  |d NLM  |d GRR  |d NSD  |d DLC  |d CFI  |d GUA  |d OCLCQ  |d DLC  |d OCLCQ  |d OCLCF  |d OCLCO  |d ROC  |d HCO  |d OCLCO  |d OCLCQ  |d WaSeSS 
042 |a nsdp  |a pcc 
050 1 4 |a HQ768  |b .P37 
082 1 0 |a 649  |2 11 
130 0 |a Parenting (San Francisco, Calif.) 
222 0 |a Parenting  |b (San Francisco, Calif.) 
245 1 0 |a Parenting  |h [electronic resource]. 
246 1 3 |a Parenting magazine 
260 |a [San Francisco, CA] :  |b [Parenting Magazine Partners],  |c [©1987]- 
310 |a Monthly (except combined June/July and Dec./Jan.),  |b <Feb. 1989-> 
321 |a Monthly (except Jan./Feb. and June/July),  |b <1987-> 
362 0 |a Feb. 1987- 
362 1 |a Ceased with vol. 22, no. 11 (Dec. 2008/Jan. 2009). 
500 |a Title from cover. 
506 |a License restrictions may limit access. 
580 |a Continued in part by: Parenting. Early years and, Parenting. School years. 
588 |a Latest issue consulted: Vol. 22, no. 11 (Dec. 2008/Jan. 2009). 
650 0 |a Child rearing  |v Periodicals. 
650 7 |a Child rearing.  |2 fast  |0 (OCoLC)fst00854588 
655 0 |a Electronic journals. 
785 0 1 |t Parenting. Early years  |w (DLC) 2009208739  |w (OCoLC)298363815 
785 0 1 |t Parenting. School years  |x 1947-1149  |w (DLC) 2009208675  |w (OCoLC)298362582 
850 |a DLC 
856 4 0 |z Full text available from Research Library: 10/01/1997 to 12/31/2008  |u https://search.proquest.com/publication/30740